000 00974nam a22002417a 4500
001 13803
003 BD-RjUL
005 20211208235521.0
008 140202s2007 ii a|||| b||||001 0 eng d
020 _a8190430904
035 _a(BD-RjUL)13855
040 _aBD-RjUL
_beng
_cBD-RjUL
041 _aeng
082 _220
_a338.10913
_bCRO 2007
245 0 0 _aCrop production in stress environments :
_bgenetic and management options /
_cD. P. Singh ... [et.al]. ; Society for susstainable agriculture and resource management.
260 _aIndia :
_bAgrobios,
_cc2007.
300 _a655 p. :
_bill. ;
_c25 cm.
504 _aIncludes bibliographical references and index.
520 _a "Proceedings of the International Conference on Sustainable Crop Production in Stress Environments: Management and Genetic Options, Feb. 9-12, 2005."
650 _aSustainable agriculture -- Developing countries -- Congresses.
_943177
700 _aSingh, D. P.
_9227119
942 _2ddc
_cBK
999 _c13803
_d13803